书目信息 |
| 题名: |
生物无机化学
|
|
| 作者: | 邵懋昭 编著 | |
| 分册: | ||
| 出版信息: | 北京 农业出版社 1988.1 |
|
| 页数: | 327页 | |
| 开本: | 20cm | |
| 丛书名: | ||
| 单 册: | ||
| 中图分类: | Q58 | |
| 科图分类: | ||
| 主题词: | 生物化学--无机化学 | |
| 电子资源: | ||
| ISBN: | 7-109-00108-3 | |
| 000 | 00692cam0 2200229 450 | |
| 001 | 0100232779 | |
| 005 | 20070412155705.0 | |
| 010 | @a7-109-00108-3@dCNY3.00 | |
| 011 | @a7-109-00108-3 | |
| 100 | @a19910410d1988 k y0chiy0110 ea | |
| 101 | 0 | @achi |
| 102 | @aCN@b110000 | |
| 105 | @ay z 000yy | |
| 200 | 1 | @a生物无机化学@9Sheng Wu Wu;Mo Ji Hua Xue @f邵懋昭编著@b专著 |
| 210 | @a北京@c农业出版社@d1988.1 | |
| 215 | @a327页@d20cm | |
| 330 | @a本书介绍生物无机化学基本原理和金属蛋白,包括金属酶及无机代谢方面的知识。 | |
| 606 | 0 | @a生物化学@x无机化学 |
| 690 | @aQ58@v1980 | |
| 701 | 0 | @a邵懋昭@9shao mao zhao@4编著 |
| 801 | 0 | @aCN@bAiZhiMarc@c19910410 |
| 905 | @aBZT@dQ58@e2@f2@sQ58/2 | |
| 生物无机化学/邵懋昭编著.-北京:农业出版社,1988.1 |
| 327页;20cm |
| ISBN 7-109-00108-3:CNY3.00 |
| 本书介绍生物无机化学基本原理和金属蛋白,包括金属酶及无机代谢方面的知识。 |
| ● |
| 相关链接 |
|
|
|
正题名:生物无机化学
索取号:Q58/2
 
预约/预借
| 序号 | 登录号 | 条形码 | 馆藏地/架位号 | 状态 | 备注 |
| 1 | 2000100752 | 2000100752 | 旧书回溯/ [索取号:Q58/2] | 在馆 | |
| 2 | 2000100753 | 2000100753 | 旧书回溯/ [索取号:Q58/2] | 在馆 |